000 00827cam a2200277 a 4500
001 12401681
005 20180126090557.0
008 010507s1998 caua b 001 0 eng d
010 _a 97091202
020 _a0962936022 (pbk.)
035 _a(OCoLC)ocm38285026
040 _aHQB
_cHQB
_dORU
_dJYJ
_dDLC
041 _aeng
042 _alccopycat
043 _an-us---
080 _a371
082 _2371 WON
100 1 _a46
101 _aEDU
245 1 4 _aThe first days of school :
_cby Harry K. Wong & Rosemary T. Wong.
246 3 _aHow to be an effective teacher
504 _aIncludes bibliographical references and index.
906 _a7
_bcbc
_ccopycat
_d3
_encip
_f19
_gy-gencatlg
942 _2ddc
_cBK
999 _c41036
_d41036